LIBRARY ONLINE CATALOGUE

Kingdom come! / (Record no. 21707)

MARC details
000 -LEADER
fixed length control field 01564cam a2200397 i 4500
001 - CONTROL NUMBER
control field 17670327
003 - CONTROL NUMBER IDENTIFIER
control field OSt
005 - DATE AND TIME OF LATEST TRANSACTION
control field 20260617151227.0
008 - FIXED-LENGTH DATA ELEMENTS--GENERAL INFORMATION
fixed length control field 130322s2013 ilu b 001 0 eng
010 ## - LIBRARY OF CONGRESS CONTROL NUMBER
LC control number 2013000563
020 ## - INTERNATIONAL STANDARD BOOK NUMBER
International Standard Book Number 9781433534041
035 ## - SYSTEM CONTROL NUMBER
System control number 17670327
040 ## - CATALOGING SOURCE
Original cataloging agency DLC
Language of cataloging eng
Transcribing agency DLC
Description conventions rda
Modifying agency DLC
042 ## - AUTHENTICATION CODE
Authentication code pcc
043 ## - GEOGRAPHIC AREA CODE
Geographic area code n-us---
050 00 - LIBRARY OF CONGRESS CALL NUMBER
Classification number BT886.3
Item number .R95 2013
082 00 - DEWEY DECIMAL CLASSIFICATION NUMBER
Classification number 236/.9
Edition number 23
100 1# - MAIN ENTRY--PERSONAL NAME
Personal name Ryken, Philip Graham,
Dates associated with a name 1966-
245 10 - TITLE STATEMENT
Title Kingdom come! /
Statement of responsibility, etc. Phil Ryken.
264 #1 - PRODUCTION, PUBLICATION, DISTRIBUTION, MANUFACTURE, AND COPYRIGHT NOTICE
Place of production, publication, distribution, manufacture Wheaton, Illinois :
Name of producer, publisher, distributor, manufacturer Crossway,
Date of production, publication, distribution, manufacture, or copyright notice [2013]
300 ## - PHYSICAL DESCRIPTION
Extent 142 pages ;
Dimensions 18 cm
336 ## - CONTENT TYPE
Content type term text
Source rdacontent
337 ## - MEDIA TYPE
Media type term unmediated
Source rdamedia
338 ## - CARRIER TYPE
Carrier type term volume
Source rdacarrier
504 ## - BIBLIOGRAPHY, ETC. NOTE
Bibliography, etc Includes bibliographical references and index.
505 0# - FORMATTED CONTENTS NOTE
Formatted contents note Kingdom is near -- Mine is the kingdom -- Kingdom come -- Forever kingdom -- Missing the kingdom -- Proclaiming the kingdom -- When the kingdom doesn't come -- When the kingdom comes.
583 ## - ACTION NOTE
Action Cataloguing:
Time/date of action 20260617
Action agent gtanuigtanui
650 #0 - SUBJECT ADDED ENTRY--TOPICAL TERM
Topical term or geographic name as entry element Second Advent
Form subdivision Sermons.
650 #0 - SUBJECT ADDED ENTRY--TOPICAL TERM
Topical term or geographic name as entry element Sermons, American
Chronological subdivision 21st century.
655 #7 - INDEX TERM--GENRE/FORM
Genre/form data or focus term Sermons.
Source of term lcgft
Authority record control number https://id.loc.gov/authorities/genreForms/gf2015026051
776 08 - ADDITIONAL PHYSICAL FORM ENTRY
Relationship information Online version:
Main entry heading Ryken, Philip Graham, 1966-
Title Kingdom come!
Place, publisher, and date of publication Wheaton : Crossway, 2013
International Standard Book Number 9781433534058
Record control number (DLC) 2013012341
906 ## - LOCAL DATA ELEMENT F, LDF (RLIN)
a 7
b cbc
c orignew
d 1
e ecip
f 20
g y-gencatlg
942 ## - ADDED ENTRY ELEMENTS (KOHA)
Source of classification or shelving scheme Library of Congress Classification
Koha item type General Collection
Holdings
Withdrawn status Lost status Source of classification or shelving scheme Not for loan Home library Current library Shelving location Date acquired Source of acquisition Inventory number Total Checkouts Full call number Barcode Date last seen Copy number Price effective from Koha item type
    Library of Congress Classification   Kabarak, Main Campus Kabarak, Main Campus General Stacks 17/06/2026 Donation 2026/3996   BT886.3 .R95 2013 C.1 37927 17/06/2026 C.1 17/06/2026 General Collection